Business Economic: I-B Com/I semester as per Choice Based Credit System (Record no. 178432)
[ view plain ]
| 000 -LEADER | |
|---|---|
| fixed length control field | 00878nam a22002057a 4500 |
| 005 - DATE AND TIME OF LATEST TRANSACTION | |
| control field | 20210330173358.0 |
| 010 ## - LCCN (DPL NO) | |
| LC control number | ENG-129342 |
| 020 ## - INTERNATIONAL STANDARD BOOK NUMBER | |
| International Standard Book Number | 978-93-80831-43-5 |
| Terms of availability | 145.00 |
| 035 ## - SYSTEM CONTROL NUMBER | |
| System control number | EN-112874 |
| 037 ## - SOURCE OF ACQUISITION | |
| Source of stock number/acquisition | DBAD/PUB |
| 082 ## - DEWEY DECIMAL CLASSIFICATION NUMBER | |
| Classification number | 338.7 |
| 100 ## - MAIN ENTRY--PERSONAL NAME | |
| Personal name | Srinivasulu, Kocherla |
| 245 ## - TITLE STATEMENT | |
| Title | Business Economic: I-B Com/I semester as per Choice Based Credit System |
| Statement of responsibility, etc | Kocherla Srinivasulu and V. Murali Krishna; edited by M. Vijaya Bhaskar Reddy |
| 260 ## - PUBLICATION, DISTRIBUTION, ETC. (IMPRINT) | |
| Place of publication, distribution, etc | Hyderabad |
| Name of publisher, distributor, etc | Seven Hills International Publishers |
| Date of publication, distribution, etc | 2017 |
| 270 ## - ADDRESS | |
| City | Hyderabad |
| Postal code | 500038 |
| Address | 3326/C, Level-4, Surneni Nilayam, Near B K Gupta Park, S R Nagar |
| Telephone number | 91 40 23710657, 238000657 |
| Fax number | 91 40 23810657 |
| Electronic mail address | studentshelpline.in@gmail.com |
| 300 ## - PHYSICAL DESCRIPTION | |
| Extent | xii+212p. |
| Dimensions | 24cm(pbk) |
| Other physical details | Including illustrations. |
| 700 ## - ADDED ENTRY--PERSONAL NAME | |
| Personal name | V. Murali Krishna |
| 700 ## - ADDED ENTRY--PERSONAL NAME | |
| Personal name | Reddy, M. Vijaya Bhaskar, Ed. |
| 942 ## - ADDED ENTRY ELEMENTS (KOHA) | |
| Source of classification or shelving scheme | Dewey Decimal Classification |
| Item type | English Books |
| Classification part | 338.7 |
| Call number suffix | SRI |
| Withdrawn status | Lost status | Not for loan | Collection code | Home library | Current library | Date acquired | Source of acquisition | Cost, normal purchase price | Full call number | Barcode | Copy number | Cost, replacement price | Koha item type |
|---|---|---|---|---|---|---|---|---|---|---|---|---|---|
| Non-fiction | Central Library | Central Library | 30/03/2021 | DBAD/PUB | 145.00 | 338.7 SRI | EN-112874 | 1 | 145.00 | English Books |
